Consolar al triste (Record no. 154987)

MARC details
000 -LEADER
campo de control de longitud fija 01050nam a22001935i 4500
001 - NÚMERO DE CONTROL
campo de control 154987
003 - IDENTIFICADOR DE NÚMERO DE CONTROL
campo de control ES-MaACL
005 - FECHA Y HORA DE LA ÚLTIMA TRANSACCIÓN
campo de control 20251115063310.0
008 - DATOS DE LONGITUD FIJA--INFORMACIÓN GENERAL
campo de control de longitud fija 020301s1868 sp |||| | spa d
040 ## - FUENTE DE CATALOGACIÓN
Centro catalogador/agencia de origen CAM
Lengua de catalogación spa
Centro/agencia transcriptor CAM
100 1# - ENTRADA PRINCIPAL--NOMBRE DE PERSONA
Nombre de persona Gutiérrez de Alba, José María,
Fechas asociadas al nombre 1822-1897
9 (RLIN) 127661
245 10 - MENCIÓN DEL TÍTULO
Título Consolar al triste
Resto del título : comedia en tres actos y en verso /
Mención de responsabilidad, etc. imitacion de Ponsard por José Maria Gutierrez de Alba.
260 ## - PUBLICACIÓN, DISTRIBUCIÓN, ETC.
Lugar de publicación, distribución, etc. Madrid :
Nombre del editor, distribuidor, etc. [s.n.],
Fecha de publicación, distribución, etc. 1868 (
Fabricante Imprenta de José Rodriguez)
300 ## - DESCRIPCIÓN FÍSICA
Extensión 74 p. ;
Dimensiones 20 cm.
500 #1 - NOTA GENERAL
Nota general Representada por primera vez en Madrid en el teatro de Novedades el 6 de noviembre de 1868.
596 #1 - NOTA AL PIE DE IMPRENTA
NOTA AL PIE DE IMPRENTA En verso de la port. consta: "... Galerias Dramáticas y Líricas de Gullon e Hidalgo ..."
852 ## - LOCALIZACIÓN
Ubicación ES-MaACL
Número de control de estantería F-8551(8)
condición física -- Port. deteriorada afectando al pie de imp.(coinciden el resto de los datos con esta ed.)
Nota libre -- Enc. pasta española
condición física -- Falto de la cub. original
Nota libre -- Enc. en un vol. facticio, formando parte de la col. "Teatro español moderno", v. 3
Holdings
Estatus retirado Estado de pérdida Estado de daño No para préstamo Colección Biblioteca de origen Biblioteca actual Ubicación en estantería Fecha de adquisición Total de préstamos Signatura topográfica completa Código de barras Visto por última vez Precio de reemplazo Tipo de ítem Koha
        Libros del s. XIX Biblioteca del Ateneo de Madrid Biblioteca del Ateneo de Madrid Sala Pecera Planta 2 17/01/2008   F-8551(8) 1162122 23/02/2023 23/02/2023 Libro impreso antiguo